Solárne články - staré a nové technológie bakalárska práca

Saved in:
Bibliographic Details
Main Author: Petrovská, Katarína
Format: Book
Language:Slovak
Published: Bratislava STU FCHPT 2013
Online Access:View in OPAC
Tags: Add Tag
No Tags, Be the first to tag this record!

MARC

LEADER 00000nam a2200000 a 4500
005 20260127134128.0
008 131203 2013 000 0 slo d
035 |a vtls010562271 
039 9 |y 201312031215  |z mschk03 
040 |a STUSCHK1  |b slo  |c STUSCHK1  |e AACR2 
100 1 |a Petrovská, Katarína 
245 1 |a Solárne články - staré a nové technológie  |b bakalárska práca  |c Katarína Petrovská 
260 |a Bratislava  |b STU FCHPT  |c 2013 
300 |a 33 s.  |b il.  |c 30 cm 
500 |a Obhájené: júl 2013 
500 |a Štud. program: Chémia a medicínska chémia 
500 |a Štud. odbor: Chémia, chemické technológie 
500 |a Škol. pracovisko: Odd. polygrafie a aplikovanej fotochémie 
500 |a Evid. číslo: FCHPT-5427-68583 
910 |a SCHK95 
999 |c 4728  |d 4728